=LDR 00000nam 2200000 4500 =001 INLIS000000000007258 =005 20130612095304 =008 ***********************************Ind** =035 ##$$0010-061300000007258 =041 ##$$a Ind =082 ##$$a 2x0.32 =090 ##$$a 2x0.32, Shi k =100 ##$$a Shimogoki, Kazuo =245 ##$$a Kiri Islam, antara modernisme dan postmodersme, Kazuo Shimogoki =260 ##$$a 1993 $b Yogyakarta =650 ##$$a Islam-Politik =700 ##$$a Aziz, Imam